1618 1054 1793 1060 1008 1053 1759 1002 1823 1485 1309 1647 1949 1409 1323 1490 1360 1573 1365 1047 1727 1547 1856 1451 1357 1388 1667 1392 1847 1037 1624 1111 1071 1137 1318 1811 1286 1532 1908 1821 1920 1931 1244 1202 1124 1261 1766 1732 1057 1274 1055 1420 1443 1485 1935 1615 1515 1441 1869 1851 1882 1741 1485 1485 1343 1918 1845 1741 1290 1638 1531 1079 1800 1806 1162 1662 1769 1691 1875 1797 1935 1616 1053 1066 1583 1568 1958 1159 1166 1426 1621 1372 1490 1644 1238 1583 1155 1952 1557 BCNSPRNW ULIB Ver.6.0+V

เปลี่ยนเป็นภาษาไทย

Change to English
 แสดงรายละเอียดบรรณานุกรม
  กลับหน้าหลัก

Brief Record : Get Marc (ISO 2709) : E-mail record : QR code < ปิดหน้าต่าง
LEADER : 00000nam 2200000uu 4500
001    13399120779
003     ULIB
008    110706s2550||||th 000 0 tha d
020    9789744099587
050  4 BF575^bป349ป
100 0  ประมวล เพ็งจนทร์
245 00 ประมวลความรัก/^cประมวล เพ็งจนทร์
260    กรุงเทพฯ :^bสุขภาพใจ,^c2550
300    155 หน้า
945    ^p120^l0^i17822
995    ทศพร
999    ^aใช้งานได้ทุกระบบ
รายการนี้ยังไม่มีแท็ก
คุณยังไม่ได้ล็อกอิน คุณสามารถมีกิจกรรมร่วมกับเว็บไซต์ได้ แต่ต้องล็อกอินก่อน ::
  ล็อกอิน

รายการสื่อสารสนเทศ

ลำดับที่ ประเภท เลขเรียก/บาร์โค้ด สถานที่ สถานะ
1. วิทยาศาสตร์การแพทย์ และสุขภาพ
วิทยาศาสตร์การแพทย์ และสุขภาพ
BF575 ป349ป ฉ.1 
  Barcode: 17822
ห้องสมุดวิทยาเขตสวรรค์ประชารักษ์
►หนังสือทั่วไป
บนชั้น

BibComment


ยังไม่เคยถูกคอมเมนท์

คอมเมนท์ทรัพยากรรายการนี้
  คอมเมนท์: ประมวลความรัก ประ..


 Copyright 2026. Bcnsprnw @Library